00660nam a22002055a 450000500170000000800410001701000140005802000250007203500130009703700150011004000180012508200130014310000240015624500590018026000500023927000600028930000230034950000410037265000410041320090523144657.0080726s2008 ii a b 001 0 eng  aENG-93690 a978812305539c695.00 aEN-77223 bDBAD / PUB adplbEnglish  a488.0071 aKleiser, Grenville  aSpeak and write better english /cby Grenville Kleiser aNew Delhi bAPH Publishing Corporation c2009 a4435-36/7, Ansari Road, Daryaganj, bNew Delhi e110002 av, 274p.c23cm(Hb) aIncludes bibliographical references  aEnglish languagexStudy and teaching